| 000 | 00499nam a22002057a 4500 | ||
|---|---|---|---|
| 003 | Nust | ||
| 005 | 20211130181547.0 | ||
| 008 | 170220b xxu||||| |||| 00| 0 eng d | ||
| 020 | _a978-93-325-4356-0 | ||
| 038 | _akhadija | ||
| 040 | _cc | ||
| 082 |
_a658.5 _bKUM |
||
| 100 |
_aKumar, Pravin _985358 |
||
| 245 | _aIndustrial Engineering and Management | ||
| 260 |
_aNew Delhi : _bPearson , _c2015. |
||
| 300 |
_a656 p. ; _b23 cm. |
||
| 500 | _aPaperback. | ||
| 563 | _aPB | ||
| 942 |
_cBK _2ddc |
||
| 999 |
_c33840 _d33840 |
||